METODOS Y TECNICAS DE INVESTIGACION PARA LAS CIENCIAS SOCIALES (Registro nro. 4266)
[ vista simple ]
| 000 -LEADER | |
|---|---|
| fixed length control field | 01024nam a2200193 a 4500 |
| 001 - CONTROL NUMBER | |
| control field | 4266 |
| 005 - DATE AND TIME OF LATEST TRANSACTION | |
| control field | 20180713184141.0 |
| 008 - FIXED-LENGTH DATA ELEMENTS--GENERAL INFORMATION | |
| fixed length control field | 140415s1992 mx 000 0 spa d |
| 020 ## - INTERNATIONAL STANDARD BOOK NUMBER | |
| International Standard Book Number | 9682437202 |
| 041 ## - LANGUAGE CODE | |
| Language code of text/sound track or separate title | spa |
| 082 ## - DEWEY DECIMAL CLASSIFICATION NUMBER | |
| Classification number | 300.018 |
| Item number | BRI |
| 100 1# - MAIN ENTRY--PERSONAL NAME | |
| Personal name | BRIONES, GUILLERMO |
| 245 10 - TITLE STATEMENT | |
| Title | METODOS Y TECNICAS DE INVESTIGACION PARA LAS CIENCIAS SOCIALES |
| 250 ## - EDITION STATEMENT | |
| Edition statement | 2a ed. |
| 260 ## - PUBLICATION, DISTRIBUTION, ETC. | |
| Place of publication, distribution, etc. | MEXICO : |
| Name of publisher, distributor, etc. | TRILLAS, |
| Date of publication, distribution, etc. | 1992 |
| 300 ## - PHYSICAL DESCRIPTION | |
| Extent | 291 |
| Dimensions | 15 x 1.5 x 23 |
| 520 ## - SUMMARY, ETC. | |
| Summary, etc. | GUILLERMO BRIONES PRESENTA UNA AMPLIA GAMA DE PROCEDIMIENTOS PARA SER UTILIZADOS EN LA INVESTIGACIÓN EN CIENCIAS SOCIALES, ENFOCADOS A LA OBTENCIÓN Y ANÁLISIS DE INFORMMACIÓN CUANTITATIVA O CUANTIFICABLE EN LOS NIVELES INDIVIDUAL Y SOCIAL. EN VIRTUD DE QUE ESTA OBRA BUSCA EXCLUSIVAMENTE AYUDAR A RESOLVER LOS MUY VARIADOS PROBLEMAS QUE SE PRESENTAN EN EL PROCESO DE LA INVESTIGACIÓN SE HA TRATADO DE EVITAR ASPECTOS GENERALES QUE NO CAEN DENTRO DEL CAMPO METODOLÓGICO ASÍ LA INFORMACIÓN |
| 650 14 - SUBJECT ADDED ENTRY--TOPICAL TERM | |
| Topical term or geographic name entry element | CIENCIAS SOCIALES |
| General subdivision | INVESTIGACION |
| Withdrawn status | Lost status | Source of classification or shelving scheme | Damaged status | Not for loan | Collection code | Home library | Current library | Shelving location | Date acquired | Source of acquisition | Inventory number | Total Checkouts | Full call number | Barcode | Date last seen | Price effective from | Koha item type | Date last checked out |
|---|---|---|---|---|---|---|---|---|---|---|---|---|---|---|---|---|---|---|
| Dewey Decimal Classification | General | Biblioteca Karol Wojtyla | Biblioteca Karol Wojtyla | Sala general | 03/12/2013 | Compra | 151000000000000000058258 | 300.018 BRI | 68205 | 05/01/2026 | 03/12/2013 | Libro | ||||||
| Dewey Decimal Classification | General | Biblioteca Karol Wojtyla | Biblioteca Karol Wojtyla | Sala general | 03/12/2013 | Compra | 151000000000000000058255 | 300.018 BRI | 15725 | 05/01/2026 | 03/12/2013 | Libro | ||||||
| Dewey Decimal Classification | General | Biblioteca Karol Wojtyla | Biblioteca Karol Wojtyla | Sala general | 03/12/2013 | Compra | 151000000000000000058256 | 300.018 BRI | 20051 | 05/01/2026 | 03/12/2013 | Libro | 15/09/2017 | |||||
| Dewey Decimal Classification | General | Biblioteca Karol Wojtyla | Biblioteca Karol Wojtyla | Sala general | 03/12/2013 | Compra | 151000000000000000058257 | 300.018 BRI | 22770 | 05/01/2026 | 03/12/2013 | Libro |